Obcokrajowiec Roku w Plebiscycie Tygodnika "Piłka Nożna" 2010-2023 - Statystyki

Ogólne statystyki
  • Ten quiz został rozwiązany 66 razy
    16 od ostatniego zresetowania
  • Średni wynik to 11 z 15
Statystyki odpowiedzi
Rok Pozycja Kraj Klub Zawodnik/Trener % Poprawnych
2024 Napastnik Hiszpania Jagiellonia Jesus Imaz
92%
2022 Napastnik Szwecja Lech Mikael Ishak
92%
2020 Napastnik Czechy Legia Tomas Pekhart
92%
2014 Trener Norwegia Legia Henning Berg
83%
2023 Pomocnik Portugalia Legia Josue
83%
2010 Obrońca Kolumbia Lech Manuel Arboleda
83%
2013 Bramkarz Słowacja Legia Dusan Kuciak
75%
2017 Napastnik Hiszpania Górnik Igor Angulo
75%
2012 Napastnik Serbia Legia Danijel Ljuboja
67%
2021 Trener Niemcy Pogoń Kosta Runjaic
67%
2011 Pomocnik Serbia Legia Miroslav Radovic
67%
2019 Skrzydłowy Hiszpania Piast Jorge Felix
58%
2018 Skrzydłowy Litwa Jagiellonia Arvydas Novikovas
50%
2016 Pomocnik Estonia Jagiellonia Konstantin Vassiljev
42%
2015 Trener Czechy Piast Radoslav Latal
42%
Nie znaleziono quizów pasujących do podanych kryteriów
Rozkład punktacji
Procent ludzi z każdym wynikiem
Percentyl według liczby udzielonych odpowiedzi
Twoja historia wyników
Nie rozwiązałeś tego quizu od ostatniego zresetowania